Score 0/29 Timer 03:00
2 Plays Today
Hint Answer % Correct
2,000 poundsTON
95.5%
Scarlet colorRED
93.6%
Charged atomION
92.3%
Author Edgar AllanPOE
91.2%
Sculpture, music, paintingART
91%
✰ Connective conjunction ✰AND
90.7%
Tin cylindrical containerCAN
90.7%
Air circulatorFAN
90.7%
Cable news channelCNN
90.5%
Flik in 'A Bug's Life'ANT
90.2%
✰ Pollinating insect ✰BEE
90.2%
✰ Nemo's lucky one ✰FIN
89.6%
Affleck, Stiller, or FranklinBEN
89.4%
✰ Place for food, lodging ✰INN
89%
Nugent, Danson, or TurnerTED
86.6%
Hint Answer % Correct
DisposeRID
85.7%
AssistanceAID
84.8%
Plural verb of 'to be,'
with 'we' or 'they'
ARE
83.8%
✰ In addition ✰TOO
81.9%
BeforePRE
81.5%
✰ Holder for kicking football ✰TEE
78.8%
Profit in contrast to grossNET
77.4%
In good healthFIT
75.3%
TinyWEE
74.8%
Indicator of maiden nameNÉE
72.9%
TroubleWOE
72.5%
✰ Louse larva ✰NIT
70.7%
Desire, cravingYEN
58.7%
✰ Hither and ___YON!
56.9%

Today's Daily Dose

You're not logged in!

Compare scores with friends on all Sporcle quizzes.
OR
Log In

Sporcle TV

Today on Sporcle TV


Watch our educational content, quiz creation guides, and fun videos on Sporcle TV.

Show Comments

Extras

Top Quizzes Today


Score Distribution

Your Account Isn't Verified!

In order to create a playlist on Sporcle, you need to verify the email address you used during registration. Go to your Sporcle Settings to finish the process.

Report this User

Report this user for behavior that violates our Community Guidelines.

Details: